Najlepsi strzelcy Mistrzostw Świata - Statystyki

Ogólne statystyki
  • Ten quiz został rozwiązany 247 razy
  • Średni wynik to 17 z 50
Statystyki odpowiedzi
Ilość goli Zawodnik % Poprawnych
15 Ronaldo
99%
8 Ronaldo
99%
13 Messi
97%
16 Klose
87%
12 Mbappé
86%
12 Pelé
79%
14 Müller
76%
10 Müller
76%
8 Maradona
72%
8 Kane
62%
10 Lato
61%
8 Neymar
61%
9 Villa
49%
7 Suárez
48%
8 Rivaldo
46%
9 Eusébio
44%
6 Robben
33%
7 Szarmach
33%
9 Baggio
31%
13 Fontaine
29%
6 Rodríguez
29%
10 Batistuta
27%
10 Lineker
25%
9 Rossi
25%
11 Klinsmann
21%
6 Kempes
19%
6 Sneijder
19%
9 Vieri
19%
11 Kocsis
17%
8 Léônidas
17%
9 Rummenigge
17%
8 Völler
17%
8 Ademir
15%
6 Bebeto
15%
10 Cubillas
15%
9 Jairzinho
15%
10 Rahn
15%
9 Seeler
15%
9 Vavá
15%
8 Stábile
14%
6 Bergkamp
13%
7 Rep
13%
7 Tichy
12%
7 Careca
10%
6 Perisic
9%
7 Schäfer
8%
6 Rensenbrink
6%
7 Nejedly
5%
8 Miguez
2%
6 Rivelino
1%
Nie znaleziono quizów pasujących do podanych kryteriów
Rozkład punktacji
Procent ludzi z każdym wynikiem
Percentyl według liczby udzielonych odpowiedzi
Twoja historia wyników
Nie rozwiązałeś tego quizu